000 00671nam a2200241Ia 4500
003 OSt
005 20220918201031.0
006 a|||||r|||| 00| 0
007 ta
008 220917b |||||||| |||| 00| 0 eng d
024 _a91,328
037 _cTextual
040 _aARTS
_cARTS
_beng
041 _2eng
_aeng
082 _aU8:9368:N0, F5
100 _aLockerby William
_996424
245 0 _aJournal ed by Everard Im Thurn and Leonard C. Wharton
260 _aNA
_bNA
_c1925
490 _aHakluyt Society works ,second series; 52
650 _aGEOGRAPHY
942 _hU8:9368:N0, F5
_cTEXL
_2CC
999 _c214987
_d214987